|
|
|
|
| LEADER |
00000nas a22000001a 4500 |
| 001 |
vtls010302346 |
| 003 |
SK-MaSNL |
| 005 |
20260228161810.0 |
| 008 |
110810d19521953xo mn p r 0 b0slo |
| 015 |
|
|
|a SNBDS17XX9999
|
| 015 |
|
|
|a 1612
|2 Balúnová 1945-60
|
| 038 |
|
|
|a SNKBUDS
|
| 040 |
|
|
|a SNK
|b slo
|c SNK
|e AACR2
|
| 041 |
0 |
|
|a slo
|
| 044 |
|
|
|a xo
|c SK
|
| 080 |
|
|
|a 070.489
|2 2001
|
| 080 |
|
|
|a 311
|2 2001
|
| 245 |
0 |
0 |
|a Štatistik
|b závodný časopis zamestnancov Slovenského štatistického úradu
|
| 260 |
|
|
|a Bratislava
|b ZS ROH Slovenského štatistického úradu
|c 1952-1953
|
| 300 |
|
|
|a 2 zv.
|c 30 cm
|
| 310 |
|
|
|a 1x mesačne
|
| 362 |
0 |
|
|a Roč. I, č. 1 (1952)-roč. II, č. 6 (1953)
|
| 500 |
|
|
|a V tiráži: závodný časopis zamestnancov SŠÚ
|
| 500 |
|
|
|a Vych. v Bratislave mesačne [nepravidelne]
|
| 500 |
|
|
|a Vych. od mája 1952, nepravidelne, bez bližšieho dátumu
|
| 610 |
2 |
7 |
|a Slovenský štatistický úrad (Bratislava)
|x časopisy
|2 SNKBUDS
|9 269589
|
| 650 |
0 |
7 |
|a štatistika
|2 SNKPH
|9 778
|
| 655 |
|
7 |
|a podnikové časopisy
|2 SNKBUDS
|9 265225
|
| 852 |
|
|
|a SNK
|b 10000
|h ČSB 3179
|
| 852 |
|
|
|a UKB
|b 300000
|h SB 1146
|
| 999 |
|
|
|c 6068
|d 7998
|